00326nam a2200121Ia 4500008004100000041001200041082001100053100001700064245007800081260001900159300000700178650001900185221030s9999 xx 000 0 und d aEnglish a105.23 aS. K. Sharma 0aManagement Processes & Organisational Behaviour Part - 1cby S. K. Sharma bMIETaJammuc0 a69 aTraining Notes